Top 15 Recieving Leaders in AFC East 2020 RS - Statistics

General Stats
  • This quiz has been taken 26 times
  • The average score is 5 of 15
Answer Stats
Yards Answer % Correct
1,535 Stefon Diggs
86%
793 Devante Parker
73%
967 Cole Beasley
45%
458 John Brown
45%
599 Gabriel Davis
41%
699 Jamison Crowder
41%
375 James White
36%
703 Mike Gesicki
36%
357 Denzel Mims
27%
729 Jakobi Meyers
27%
505 Breshad Perriman
23%
604 Damiere Byrd
18%
373 Jakeem Grant
18%
394 Braxton Berrios
14%
388 Myles Gaskin
14%
No matching quizzes found
Score Distribution
Percent of People with Each Score
Percentile by Number Answered
Your Score History
You have not taken this quiz